000 00611nam a22001937a 4500
999 _c169725
_d169725
005 20191202114227.0
010 _aUR-10641
020 _c100.00
_a9789389358827
035 _aU-9196
037 _bDBAD/PUB
_a-
082 _aن
100 _aشا ہد جميل
245 _aآ د م خو ر ا نسا ن
_cشا ہد جميل
246 _bAadamkhore Insaan (Urdu)
_aby Shahid Jameel
260 _aDelhi
_bEducational Publishing House
_c2019 ء
270 _a3191,Vakil Street, Kucha Pandit,Lal Kuan,
_bDelhi
_e110006
_k01123216162
_l-
300 _a136 ص
_c22 Cm(Hb)
942 _2ddc
_cUR
_hن
_mش ا ہ